01285cam a22003371i 450000100090000000300090000900500170001800800410003502000280007602000180010404000430012208200170016510000400018224500850022226400570030726400100036430000400037433600260041433700280044033800270046850400510049565000320054665000230057865000230060165000280062465500170065285600910066994200120076099900170077295201580078914419191EG-ScBUE20250518090854.0060619t2007 flua f b 001 0 eng d a0849397790 (alk. paper) a9780849397790 aEG-ScBUEbengerdacEG-ScBUEdEG-ScBUE04a531222bDIL1 aDill, Ellis Harold,d1932-eauthor.10aContinuum mechanics :belasticity, plasticity, viscoelasticity /cEllis H. Dill. 1aBoca Raton, Florida :bCRC/Taylor & Francis,c[2007] 4cc2007 a352 pages :billustrations ;c24 cm 2rdacontentatextbtxt aunmediated2rdamediabn avolumebnc2rdacarrier aIncludes bibliographical references and index. 7aContinuum mechanics.2BUEsh 7aElasticity.2BUEsh 7aPlasticity.2BUEsh 0aViscoelasticity.2BUEsh vReading book423Publisher descriptionuhttp://www.loc.gov/catdir/enhancements/fy0701/2006048958-d.html 2ddccBB c10570d10570 00102ddc40708AlahramaMAINbMAINc1STd2009-02-01epurchaseg393.70h6470l2m13o531 DILp000014506r2025-07-15 00:00:00s2022-02-28w2009-02-01yBB